000
00316nam a22001337a 4500
008
170421b xxu||||| |||| 00| 0 eng d
020
_a
9780895828033
041
_a
eng
080
_2
6TH
_a
573
100
_a
11
101
_a
SHM
245
_a
A PHOTOGRAPHIC ATLAS FOR THE BIOLOGY
_c
DEGRAFF, K.M.V
942
_2
udc
_c
BK
999
_c
11565
_d
11565